Froggy plays in the band / by Jonathan London ; illustrated by Frank Remkiewicz.
Froggy's marching band practices for their debut at the Apple Blossom Parade, hoping to win the big prize.
Record details
- ISBN: 0670035327
- ISBN: 9780670035328
- ISBN: 9781415525814 (FollettBound)
- ISBN: 1415525811 (FollettBound)
- Physical Description: 1 v. (unpaged) : col. ill. ; 21 x 26 cm.
- Publisher: New York : Viking, 2002.
Search for related items by subject
| Subject: | Marching bands > Juvenile fiction. Bands (Music) > Juvenile fiction. Contests > Juvenile fiction. Parades > Juvenile fiction. Frogs > Juvenile fiction. Animals > Juvenile fiction. |
| LDR | 01221nam a22003374a 4500 | ||
|---|---|---|---|
| 001 | 135436 | ||
| 003 | CONS | ||
| 005 | 20140703073309.0 | ||
| 008 | 010815s2002 nyua b 000 1 eng | ||
| 010 | . | ‡a 2001005037 | |
| 020 | . | ‡a0670035327 | |
| 020 | . | ‡a9780670035328 | |
| 020 | . | ‡a9781415525814 (FollettBound) | |
| 020 | . | ‡a1415525811 (FollettBound) | |
| 035 | . | ‡a(CPomAG)LMN560040 | |
| 042 | . | ‡apcc ‡alcac | |
| 050 | 0 | 0. | ‡aPZ7.L8432 ‡bFrn 2002 |
| 082 | 0 | 0. | ‡a[E] ‡221 |
| 100 | 1 | . | ‡aLondon, Jonathan, ‡d1947- |
| 245 | 1 | 0. | ‡aFroggy plays in the band / ‡cby Jonathan London ; illustrated by Frank Remkiewicz. |
| 260 | . | ‡aNew York : ‡bViking, ‡c2002. | |
| 300 | . | ‡a1 v. (unpaged) : ‡bcol. ill. ; ‡c21 x 26 cm. | |
| 520 | . | ‡aFroggy's marching band practices for their debut at the Apple Blossom Parade, hoping to win the big prize. | |
| 650 | 0. | ‡aMarching bands ‡vJuvenile fiction. | |
| 650 | 0. | ‡aBands (Music) ‡vJuvenile fiction. | |
| 650 | 0. | ‡aContests ‡vJuvenile fiction. | |
| 650 | 0. | ‡aParades ‡vJuvenile fiction. | |
| 650 | 0. | ‡aFrogs ‡vJuvenile fiction. | |
| 650 | 0. | ‡aAnimals ‡vJuvenile fiction. | |
| 959 | . | ‡i32269000912850 ‡lE Lon ‡aJuvenile - Easy ‡tEasy ‡g16.00 | |
| 852 | . | ‡p32269000912850 ‡jE Lon ‡gJuvenile - Easy ‡cEasy ‡y16.00 ‡bSBPL | |
| 901 | . | ‡a135436 ‡bUnknown ‡c135436 ‡tbiblio | |